000 00505nam a2200169 i 4500
001 34535
003 ES-MaACL
005 20230906154941.0
007 t|
008 030207s1964 sp ||||1| spa d
100 1 _aBohr, Niels.
_929840
245 1 0 _aFísica atómica y conocimiento humano /
_cNiels Bohr ; traducido... por Albino Yusta.
260 _aMadrid :
_bAguilar,
_c[1964]
300 _aXII, 126 p. :
_bil. ;
_c21 cm.
700 1 _aYusta, Albino.
_9117752
852 _aES-MaACL
_jC-25967
_bR.54691
999 _c34535
_d34535